Проблемы мезомеханики прочности и пластичности наноструктурных материалов; Известия вузов. Физика; Т. 47, № 8

Dades bibliogràfiques
Parent link:Известия вузов. Физика/ Министерство общего и профессионального образования Российской Федерации ; Томский Госуниверситет.— , 1958-.— 0021-3411
Т. 47, № 8.— 2004.— С. 5-17
Autor principal: Панин В. Е. Виктор Евгеньевич
Altres autors: Панин А. В. Алексей Викторович
Idioma:rus
Publicat: 2004
Col·lecció:Формирование, особенности дефектных субструктур и свойства высокоэнергетических состояний в металлических материалах
Matèries:
Format: MixedMaterials Capítol de llibre
KOHA link:https://koha.lib.tpu.ru/cgi-bin/koha/opac-detail.pl?biblionumber=420146

MARC

LEADER 00000naa2a2200000 4500
001 420146
005 20231220134302.0
035 |a (RuTPU)RU\TPU\prd\77629 
035 |a RU\TPU\prd\32503 
090 |a 420146 
100 |a 20100302a2004 k y0rusy50 ca 
101 0 |a rus 
102 |a RU 
200 1 |a Проблемы мезомеханики прочности и пластичности наноструктурных материалов  |f В. Е. Панин, А. В. Панин 
225 1 |a Формирование, особенности дефектных субструктур и свойства высокоэнергетических состояний в металлических материалах 
320 |a Библиогр.: 24 назв. 
461 1 |0 (RuTPU)RU\TPU\prd\191  |x 0021-3411  |t Известия вузов. Физика  |f Министерство общего и профессионального образования Российской Федерации ; Томский Госуниверситет  |d 1958- 
463 1 |0 (RuTPU)RU\TPU\prd\77628  |t Т. 47, № 8  |v С. 5-17  |d 2004 
610 1 |a наноструктурные материалы 
610 1 |a физическая мезомеханика 
610 1 |a концептуальные положения 
610 1 |a пластичность 
610 1 |a локализованная деформация 
610 1 |a труды учёных ТПУ 
675 |a 539.4.016  |v 3 
700 1 |a Панин  |b В. Е.  |c специалист в области физики и механики деформируемого твердого тела, физического материаловедения  |c доктор физико-математических наук, профессор Томского политехнического университета  |c зав. кафедрой материаловедения в машиностроении  |c директор Российского материаловедческого центра  |c научный руководитель института физики прочности и материаловедения СО РАН  |f 1930-  |g Виктор Евгеньевич  |3 (RuTPU)RU\TPU\pers\12102 
701 1 |a Панин  |b А. В.  |c физик  |c профессор Томского политехнического университета, доктор физико-математических наук  |f 1971-  |g Алексей Викторович  |3 (RuTPU)RU\TPU\pers\31424  |9 15588 
801 1 |a RU  |b 63413507  |c 20050208  |g PSBO 
801 2 |a RU  |b 63413507  |c 20150521  |g RCR 
942 |c BK